|
|
|
|
| LEADER |
00000cam a2200000 7i4500 |
| 001 |
0000019798 |
| 005 |
20070731.0 |
| 020 |
|
|
|a 0471789771
|
| 040 |
|
|
|a INS
|
| 090 |
0 |
0 |
|a HD57.7
|b B73 2006
|
| 100 |
1 |
|
|a Bradt, George
|
| 245 |
1 |
4 |
|a The new leader's 100 - day action plan :
|b how to take charge, build your team and get immediate results
|c George Bradt, Jayme A. Check, Jorge Pedraza
|
| 260 |
|
|
|a New Jersey :
|b John Wiley & Sons, Inc ,
|c 2006
|
| 300 |
|
|
|a ix, 230 p. :
|b ill ;
|c 24 cm.
|
| 500 |
|
|
|a Includes index
|
| 650 |
0 |
0 |
|a Leadership
|x Handbooks, manuals, etc.
|
| 700 |
1 |
|
|a Check, Jayme A.
|
| 700 |
1 |
|
|a Pedraza, Jorge
|
| 999 |
|
|
|a 0000018944
|b BOOK
|c Open Shelf
|e Default branch
|